000 00298nam a22001457a 4500
008 210308b ||||| |||| 00| 0 eng d
020 _a9781680366815
041 _aeng
080 _a32
082 _a32
100 _a21
101 _aSHH
245 _aFirst Expressions
_cDEW
942 _2udc
_cBK
999 _c56003
_d56003